000 00397nam a2200169Ia 4500
003 OSt
005 20240311141439.0
008 170619s9999 xx 000 0 und d
020 _a9780075612780
040 _cIIMT ENGINEERING COLLEGE
100 _aChase
245 0 _aProduction and operation management
260 _bChicago Irwin
260 _c2004
546 _aENGLISH
942 _2ddc
_c02
999 _c21781
_d21781